| 000 | 00788nam a22002417a 4500 | ||
|---|---|---|---|
| 999 |
_c16289 _d16289 |
||
| 003 | AR-CdUCM | ||
| 008 | 190503b ||||| |||| 00| 0 spa d | ||
| 040 |
_aMUNICIPALIDAD PROVINCIAL DEL CUSCO _cBIBLIOTECA MUNICIPAL DEL CUSCO |
||
| 041 | _hrus | ||
| 082 |
_a616.89 / _bSL59 |
||
| 100 |
_aSluchevski, I. F. _935643 |
||
| 245 | _aPsiquiatria / | ||
| 260 |
_aMéxico D. F. : _bGrijalbo, _c1960. |
||
| 300 |
_a445 páginas ; _bfiguras, retrato, _c22 cm. |
||
| 505 | _aContenido: Psicopatología general -- Psiquiatría especial . | ||
| 650 |
_aPsiquiatría _96305 |
||
| 650 |
_aPsicopatología _96514 |
||
| 650 |
_aPsicosis _935644 |
||
| 700 |
_aVilla Landa, Florencio _935645 |
||
| 700 |
_aLoma, Manuel de la (traducción) _935646 |
||
| 942 |
_2ddc _cLIBROS |
||
| 945 |
_aachl _d2019-05-03 |
||